[Event "Bundesliga 0809"]
[Site "Germany"]
[Date "2009.03.01"]
[Round "13.4"]
[White "Schilow, Wladimir"]
[Black "Handke, Florian"]
[Result "1/2-1/2"]
[WhiteElo "2410"]
[BlackElo "2498"]
[PlyCount "50"]
[EventDate "2008.10.03"]
[EventType "team-tourn"]
[EventRounds "15"]
[EventCountry "GER"]
[SourceTitle "CBM 128 Extra"]
[Source "ChessBase"]
[SourceDate "2009.03.05"]
[SourceVersion "2"]
[SourceVersionDate "2009.03.25"]
[SourceQuality "1"]
[WhiteTeam "Kreuzberg"]
[BlackTeam "Wattenscheid"]
[WhiteTeamCountry "GER"]
[BlackTeamCountry "GER"]

1. e4 c5 2. Nf3 e6 3. d4 cxd4 4. Nxd4 a6 5. Bd3 Bc5 6. Nb3 Be7 7. c4 d6 8. Nc3 Nf6 9. Be3 0-0 10. 0-0 b6 11. a4 Nc6 12. f4 Bb7 13. Nd4 Nb4 14. Rc1 Rc8 15. b3 d5 16. cxd5 exd5 17. e5 Ne4 18. Nce2 Rxc1 19. Bxc1 Qc7 20. Bb2 Bc8 21. Ng3 Bc5 22. Kh1 Bg4 23. Be2 Bc8 24. Bd3 Bg4 25. Be2 Bc8 1/2-1/2

[Event "Bundesliga 0809"]
[Site "Germany"]
[Date "2009.02.01"]
[Round "11.5"]
[White "Schilow, Wladimir"]
[Black "Renner, Christoph"]
[Result "0-1"]
[WhiteElo "2410"]
[BlackElo "2422"]
[PlyCount "66"]
[EventDate "2008.10.03"]
[EventType "team-tourn"]
[EventRounds "15"]
[EventCountry "GER"]
[SourceTitle "CBM 128 Extra"]
[Source "ChessBase"]
[SourceDate "2009.03.05"]
[SourceVersion "2"]
[SourceVersionDate "2009.03.25"]
[SourceQuality "1"]
[WhiteTeam "Kreuzberg"]
[BlackTeam "Bayern Muenchen "]
[WhiteTeamCountry "GER"]
[BlackTeamCountry "GER"]

1. e4 e5 2. Nf3 Nc6 3. Bb5 a6 4. Ba4 Nf6 5. 0-0 Be7 6. Re1 b5 7. Bb3 0-0 8. h3 Bb7 9. d3 h6 10. a3 Re8 11. Nc3 Bc5 12. Nd5 Nd4 13. Nxd4 exd4 14. Nxf6+ Qxf6 15. Qh5 Bf8 16. f4 g6 17. Qg4 h5 18. Qg3 d5 19. e5 Qe6 20. Bd2 c5 21. c3 c4 22. Bc2 Bc5 23. Kh2 h4 24. Qxh4 Rad8 25. f5 Qxf5 26. cxd4 Be7 27. Qg3 Bc8 28. Bb4 Kg7 29. Bxe7 Rxe7 30. Re3 Rh8 31. Rf3 Qh5 32. Qf4 Qh4 33. Qe3 Qh6 0-1

[Event "Bundesliga 0809"]
[Site "Germany"]
[Date "2008.12.14"]
[Round "9.5"]
[White "Nielsen, Peter Heine"]
[Black "Schilow, Wladimir"]
[Result "1-0"]
[WhiteElo "2662"]
[BlackElo "2410"]
[PlyCount "121"]
[EventDate "2008.10.03"]
[EventType "team-tourn"]
[EventRounds "15"]
[EventCountry "GER"]
[SourceTitle "CBM 127 Extra"]
[Source "ChessBase"]
[SourceDate "2009.01.08"]
[SourceVersion "2"]
[SourceVersionDate "2009.01.28"]
[SourceQuality "1"]
[WhiteTeam "Baden-Baden"]
[BlackTeam "Kreuzberg"]
[WhiteTeamCountry "GER"]
[BlackTeamCountry "GER"]

1. d4 Nf6 2. c4 e6 3. Nf3 b6 4. g3 Ba6 5. Qc2 Bb4+ 6. Bd2 Bxd2+ 7. Nbxd2 d5 8. Bg2 0-0 9. 0-0 c6 10. b4 Nbd7 11. a4 Qe7 12. Rfb1 c5 13. dxc5 bxc5 14. b5 Bb7 15. a5 Rac8 16. e3 Rfd8 17. Rd1 h6 18. Rac1 Qd6 19. Qa4 Qb8 20. Qa3 dxc4 21. Nxc4 Bd5 22. Qa4 Ne4 23. Nfd2 Ndf6 24. Nxe4 Nxe4 25. b6 Nf6 26. bxa7 Qxa7 27. Nb6 Rb8 28. Qb5 c4 29. f3 Bb7 30. e4 Ba6 31. Qc5 Rdc8 32. Qe3 Rc7 33. Bf1 Bb5 34. Ra1 Qa6 35. Rdb1 Nd7 36. Nxd7 Rxd7 37. Bxc4 Rdb7 38. Bxb5 Rxb5 39. Rxb5 Rxb5 40. Qc3 Kh7 41. Kg2 Rb7 42. Qc2 e5 43. g4 Rd7 44. Ra2 Rd4 45. Qb1 Rd6 46. Qf1 Qa7 47. a6 f6 48. Qf2 Rd4 49. h4 Kg6 50. f4 Kh7 51. fxe5 fxe5 52. Qf5+ Kg8 53. Qc8+ Kh7 54. g5 hxg5 55. hxg5 Rd7 56. Qe8 Rf7 57. Qxe5 Qd7 58. g6+ Kxg6 59. a7 Qd1 60. Ra6+ Kh7 61. Qh2+ 1-0

[Event "Bundesliga 0708"]
[Site "Germany"]
[Date "2008.04.20"]
[Round "15.8"]
[White "Schilow, Wladimir"]
[Black "Thiel, Thomas"]
[Result "1/2-1/2"]
[WhiteElo "2400"]
[BlackElo "2283"]
[PlyCount "25"]
[EventDate "2007.10.20"]
[EventType "team-tourn"]
[EventRounds "15"]
[EventCountry "GER"]
[SourceTitle "CBM 124"]
[Source "ChessBase"]
[SourceDate "2008.05.28"]
[SourceVersion "1"]
[SourceVersionDate "2008.05.28"]
[SourceQuality "1"]
[WhiteTeam "Kreuzberg"]
[BlackTeam "Wattenscheid"]
[WhiteTeamCountry "GER"]
[BlackTeamCountry "GER"]

1. e4 c5 2. Nf3 e6 3. d4 cxd4 4. Nxd4 Nf6 5. Nc3 Nc6 6. Ndb5 Bc5 7. Bf4 0-0 8. Bd6 Qb6 9. Bxc5 Qxc5 10. Qd6 Qb6 11. Qc7 Qc5 12. Qd6 Qb6 13. Qc7 1/2-1/2

[Event "Bundesliga 0708"]
[Site "Germany"]
[Date "2008.04.06"]
[Round "13.7"]
[White "Heinemann, Thies"]
[Black "Schilow, Wladimir"]
[Result "1/2-1/2"]
[WhiteElo "2478"]
[BlackElo "2400"]
[PlyCount "97"]
[EventDate "2007.10.20"]
[EventType "team-tourn"]
[EventRounds "15"]
[EventCountry "GER"]
[SourceTitle "CBM 124"]
[Source "ChessBase"]
[SourceDate "2008.05.28"]
[SourceVersion "1"]
[SourceVersionDate "2008.05.28"]
[SourceQuality "1"]
[WhiteTeam "Hamburger SK"]
[BlackTeam "Kreuzberg"]
[WhiteTeamCountry "GER"]
[BlackTeamCountry "GER"]

1. e4 e6 2. d4 d5 3. Nd2 a6 4. Bd3 c5 5. exd5 exd5 6. Qe2+ Qe7 7. dxc5 Qxe2+ 8. Nxe2 Bxc5 9. Nb3 Bb6 10. Nbd4 Nc6 11. Be3 Ne5 12. Rd1 Ne7 13. 0-0 f6 14. c3 Kf7 15. Nc2 Bc7 16. Bc5 Nxd3 17. Rxd3 Bf5 18. Re3 Ng6 19. Nb4 Rad8 20. Rd1 Be6 21. Re1 a5 22. Nd4 Bc8 23. Nbc2 Rhe8 24. Nb5 Bf4 25. Rxe8 Rxe8 26. g3 Rxe1+ 27. Nxe1 Bd7 28. Nd6+ Bxd6 29. Bxd6 Ne5 30. Bc7 a4 31. Bxe5 fxe5 32. Nd3 Kf6 33. Nb4 Ke6 34. Kf1 Bb5+ 35. Ke1 d4 36. cxd4 exd4 37. Kd2 Ke5 38. f3 g5 39. Nd3+ Kd6 40. Nf2 Bc6 41. Kd3 Ke5 42. Ng4+ Kf5 43. Kxd4 Bxf3 44. Ne3+ Ke6 45. b4 axb3 46. axb3 Bc6 47. b4 h5 48. Nc4 h4 49. Ne3 1/2-1/2

[Event "Bundesliga 0708"]
[Site "Germany"]
[Date "2008.03.08"]
[Round "10.7"]
[White "Schilow, Wladimir"]
[Black "Markos, Jan"]
[Result "1-0"]
[WhiteElo "2400"]
[BlackElo "2565"]
[PlyCount "61"]
[EventDate "2007.10.20"]
[EventType "team-tourn"]
[EventRounds "15"]
[EventCountry "GER"]
[SourceTitle "CBM 123"]
[Source "ChessBase"]
[SourceDate "2008.04.02"]
[SourceVersion "1"]
[SourceVersionDate "2008.04.02"]
[SourceQuality "1"]
[WhiteTeam "Kreuzberg"]
[BlackTeam "Bindlach"]
[WhiteTeamCountry "GER"]
[BlackTeamCountry "GER"]

1. e4 c5 2. Nf3 Nc6 3. Bb5 d6 4. Bxc6+ bxc6 5. 0-0 e5 6. c3 f5 7. Qa4 Nf6 8. exf5 Bxf5 9. d4 e4 10. Nfd2 cxd4 11. cxd4 Qd7 12. Nc3 Be7 13. Re1 d5 14. f3 Rb8 15. fxe4 Rb4 16. Qa5 dxe4 17. Ndxe4 Nxe4 18. Nxe4 0-0 19. Ng3 Bg6 20. a3 Rb5 21. Qc3 Bf6 22. Be3 c5 23. Rad1 Rc8 24. Qc4+ Bf7 25. d5 Rxb2 26. Ne4 Bh4 27. Rf1 Qe7 28. g3 Bf6 29. Nxf6+ gxf6 30. Qg4+ Bg6 31. Qxc8+ 1-0

[Event "Bundesliga 0708"]
[Site "Germany"]
[Date "2007.11.30"]
[Round "7.8"]
[White "Schilow, Wladimir"]
[Black "Berger, Steve"]
[Result "1/2-1/2"]
[WhiteElo "2400"]
[BlackElo "2410"]
[PlyCount "72"]
[EventDate "2007.10.20"]
[EventType "team-tourn"]
[EventRounds "15"]
[EventCountry "GER"]
[SourceTitle "CBM 123"]
[Source "ChessBase"]
[SourceDate "2008.04.02"]
[SourceVersion "1"]
[SourceVersionDate "2008.04.02"]
[SourceQuality "1"]
[WhiteTeam "Kreuzberg"]
[BlackTeam "Zehlendorf"]
[WhiteTeamCountry "GER"]
[BlackTeamCountry "GER"]

1. d4 e6 2. Nf3 Nf6 3. g3 b5 4. Bg2 Bb7 5. 0-0 c5 6. Bg5 h6 7. Bxf6 Qxf6 8. c3 Qd8 9. a4 b4 10. a5 Na6 11. Nbd2 bxc3 12. bxc3 cxd4 13. cxd4 Bb4 14. Ne5 Bxg2 15. Kxg2 0-0 16. Ndf3 Rb8 17. Qa4 Rb7 18. Rfb1 Qc7 19. Rc1 Qd6 20. Rab1 Qd5 21. Nd3 Rfb8 22. Nxb4 Nxb4 23. Rc5 Qe4 24. Rb2 Nc6 25. Rxb7 Rxb7 26. Rb5 Rxb5 27. Qxb5 Qd5 28. Qb7 Qxa5 29. Qxd7 Qd5 30. Qe8+ Kh7 31. Qxf7 a5 32. Qf4 a4 33. e4 Qa5 34. d5 Ne7 35. Qf7 a3 36. Ng5+ hxg5 1/2-1/2

[Event "BL2-Nord 0708"]
[Site "Germany"]
[Date "2007.11.25"]
[Round "3.3"]
[White "Buchenau, Frank"]
[Black "Schilow, Wladimir"]
[Result "0-1"]
[WhiteElo "2339"]
[BlackElo "2400"]
[PlyCount "69"]
[EventDate "2007.10.21"]
[EventType "team-tourn"]
[EventRounds "9"]
[EventCountry "GER"]
[SourceTitle "EXT 2009"]
[Source "ChessBase"]
[SourceDate "2008.11.26"]
[SourceVersion "1"]
[SourceVersionDate "2008.11.26"]
[SourceQuality "1"]
[WhiteTeam "Goettingen Tempo"]
[BlackTeam "Kreuzberg  II"]
[WhiteTeamCountry "GER"]
[BlackTeamCountry "GER"]

1. e4 d5 2. exd5 Qxd5 3. Nc3 Qd6 4. d4 c6 5. Nf3 Bg4 6. Be3 Nd7 7. h3 Bh5 8. d5 a6 9. g4 Bg6 10. Bg2 cxd5 11. Qxd5 Qxd5 12. Nxd5 Rc8 13. Nd4 e6 14. Nf4 e5 15. Bxb7 Rb8 16. Bc6 exd4 17. Bxd4 Ne7 18. Bf3 Bxc2 19. 0-0 Rb4 20. Ne2 h5 21. Bc3 Rc4 22. Rfe1 hxg4 23. hxg4 Be4 24. Bxe4 Rxe4 25. Ng3 Rxg4 26. Rad1 Nc5 27. Rd5 Nd7 28. Rd3 Rh6 29. Red1 Nf5 30. Rxd7 Bd6 31. Rb7 Bxg3 32. fxg3 Rxg3+ 33. Kf1 Rh1+ 34. Ke2 Rh2+ 35. Kf1 0-1

[Event "BL2-Nord 0708"]
[Site "Germany"]
[Date "2007.11.04"]
[Round "2.2"]
[White "Zierke, Oliver"]
[Black "Schilow, Wladimir"]
[Result "1/2-1/2"]
[WhiteElo "2300"]
[BlackElo "2400"]
[PlyCount "33"]
[EventDate "2007.10.21"]
[EventType "team-tourn"]
[EventRounds "9"]
[EventCountry "GER"]
[SourceTitle "EXT 2009"]
[Source "ChessBase"]
[SourceDate "2008.11.26"]
[SourceVersion "1"]
[SourceVersionDate "2008.11.26"]
[SourceQuality "1"]
[WhiteTeam "Norderstedt "]
[BlackTeam "Kreuzberg  II"]
[WhiteTeamCountry "GER"]
[BlackTeamCountry "GER"]

1. d4 d5 2. c4 e6 3. Nc3 Nf6 4. Bg5 Nbd7 5. e3 c6 6. Nf3 Qa5 7. Nd2 dxc4 8. Bxf6 Nxf6 9. Nxc4 Qc7 10. Be2 Be7 11. 0-0 0-0 12. Rc1 Rd8 13. Qc2 Bd7 14. Ne5 Be8 15. Nd3 Rac8 16. a3 c5 17. dxc5 1/2-1/2

[Event "Berlin Lichtenberger op 5th"]
[Site "Berlin"]
[Date "2006.08.20"]
[Round "2"]
[White "Kohtz, Andreas"]
[Black "Schilow, Wladimir"]
[Result "0-1"]
[WhiteElo "2094"]
[BlackElo "2397"]
[PlyCount "98"]
[EventDate "2006.08.19"]
[EventType "swiss"]
[EventRounds "9"]
[EventCountry "GER"]
[SourceTitle "CBM 113 Extra"]
[Source "ChessBase"]
[SourceDate "2006.09.14"]
[SourceVersion "1"]
[SourceVersionDate "2006.09.14"]
[SourceQuality "1"]

1. d4 e6 2. Nf3 c5 3. c3 Nf6 4. Bf4 b6 5. e3 Bb7 6. Nbd2 Be7 7. h3 0-0 8. Bd3 cxd4 9. exd4 d6 10. 0-0 Nbd7 11. Qe2 a6 12. Rfe1 Re8 13. Ne4 Nxe4 14. Bxe4 Bxe4 15. Qxe4 Nf6 16. Qd3 Nd5 17. Bd2 b5 18. b3 Qd7 19. c4 Nf6 20. Rec1 Rec8 21. Rc2 h6 22. Rac1 bxc4 23. bxc4 Rab8 24. d5 exd5 25. cxd5 Rxc2 26. Rxc2 Qb5 27. Qf5 g6 28. Rc8+ Rxc8 29. Qxc8+ Kg7 30. Kh2 Qa4 31. Qc1 g5 32. Bc3 Qxa2 33. Qe3 Kf8 34. Qb6 Qxd5 35. Qxa6 Ne8 36. Qc8 Qe6 37. Qa6 Bf6 38. Bd2 Kg7 39. Be3 d5 40. Qd3 Nd6 41. g4 Qe4 42. Qd1 Nb5 43. h4 Nc3 44. Qh1 Qxg4 45. hxg5 hxg5 46. Qg2 Qxg2+ 47. Kxg2 Kg6 48. Kg3 Kf5 49. Nh2 d4 0-1

[Event "Karl Mala Memorial op 10th"]
[Site "Griesheim"]
[Date "2006.07.23"]
[Round "7"]
[White "Bagaturov, Giorgi"]
[Black "Schilow, Wladimir"]
[Result "1-0"]
[WhiteElo "2461"]
[BlackElo "2390"]
[PlyCount "89"]
[EventDate "2006.07.20"]
[EventType "swiss"]
[EventRounds "7"]
[EventCountry "GER"]
[SourceTitle "CBM 113 Extra"]
[Source "ChessBase"]
[SourceDate "2006.09.14"]
[SourceVersion "1"]
[SourceVersionDate "2006.09.14"]
[SourceQuality "1"]

1. d4 e6 2. Nf3 Nf6 3. c4 b6 4. g3 Ba6 5. b3 c6 6. Bg2 d5 7. Nbd2 Be7 8. 0-0 Nbd7 9. Qc2 Rc8 10. e4 0-0 11. Rd1 c5 12. Bb2 dxc4 13. bxc4 cxd4 14. e5 Nd5 15. Nxd4 Nxe5 16. Qe4 Nxc4 17. Nxe6 fxe6 18. Qxe6+ Kh8 19. Nxc4 Bxc4 20. Bxd5 Bxd5 21. Rxd5 Qe8 22. Bxg7+ Kxg7 23. Rd7 Rf7 24. Re1 Kf8 25. Rxe7 Rxe7 26. Qf6+ Qf7 27. Qh8+ Qg8 28. Qxg8+ Kxg8 29. Rxe7 a5 30. Rb7 Rc2 31. Rxb6 Rxa2 32. Rb7 a4 33. Ra7 a3 34. g4 Kh8 35. Kg2 Kg8 36. Kg3 Kh8 37. h4 Kg8 38. f3 Ra1 39. h5 a2 40. Kf4 Kh8 41. Kg5 Rf1 42. Rxa2 Rxf3 43. Ra8+ Kg7 44. h6+ Kf7 45. Rh8 1-0

[Event "Karl Mala Memorial op 10th"]
[Site "Griesheim"]
[Date "2006.07.20"]
[Round "1"]
[White "Sefeloge, Michael"]
[Black "Schilow, Wladimir"]
[Result "0-1"]
[WhiteElo "1879"]
[BlackElo "2390"]
[PlyCount "80"]
[EventDate "2006.07.20"]
[EventType "swiss"]
[EventRounds "7"]
[EventCountry "GER"]
[SourceTitle "CBM 113 Extra"]
[Source "ChessBase"]
[SourceDate "2006.09.14"]
[SourceVersion "1"]
[SourceVersionDate "2006.09.14"]
[SourceQuality "1"]

1. d4 e6 2. c4 Nf6 3. Nc3 Bb4 4. Bd2 b6 5. Nf3 Bb7 6. e3 0-0 7. Be2 d6 8. 0-0 Nbd7 9. a4 Bxc3 10. Bxc3 Ne4 11. Rc1 f5 12. Nd2 Qh4 13. Bf3 Ndf6 14. h3 Rae8 15. b4 g5 16. d5 e5 17. Nxe4 fxe4 18. Bg4 Nxg4 19. Qxg4 Qxg4 20. hxg4 Bc8 21. f3 exf3 22. gxf3 e4 23. Kg2 exf3+ 24. Rxf3 Bxg4 25. Rxf8+ Rxf8 26. Bd4 h5 27. c5 Bf3+ 28. Kg1 Bxd5 29. cxb6 cxb6 30. Rc7 Rf7 31. Rc8+ Kh7 32. Rh8+ Kg6 33. Rd8 Kf5 34. Rxd6 Be4 35. a5 bxa5 36. bxa5 h4 37. Ra6 g4 38. Rxa7 Rxa7 39. Bxa7 g3 40. Bb8 Kg4 0-1

[Event "Guillermo Garcia Memorial-A 13th"]
[Site "Santa Clara"]
[Date "2005.05.24"]
[Round "4"]
[White "Schilow, Wladimir"]
[Black "Otero Acosta, Diasmany"]
[Result "1/2-1/2"]
[WhiteElo "2425"]
[BlackElo "2400"]
[PlyCount "166"]
[EventDate "2005.05.21"]
[EventType "tourn"]
[EventRounds "13"]
[EventCountry "CUB"]
[EventCategory "8"]
[SourceTitle "EXT 2006"]
[Source "ChessBase"]
[SourceDate "2005.11.24"]
[SourceVersion "1"]
[SourceVersionDate "2005.11.24"]
[SourceQuality "1"]

1. e4 c5 2. Nf3 e6 3. Nc3 Nc6 4. d4 cxd4 5. Nxd4 Nf6 6. a3 d5 7. Bb5 Bd7 8. exd5 exd5 9. 0-0 Be7 10. Be2 0-0 11. Be3 Ne5 12. Nf3 Nxf3+ 13. Bxf3 Bc6 14. Bd4 Ne4 15. Re1 f5 16. Qd3 Bd6 17. Rad1 Qd7 18. Be3 Rad8 19. b4 b6 20. Ne2 f4 21. Bc1 Qf7 22. Bb2 Bb8 23. Nd4 Bb7 24. Qb3 Rde8 25. Be2 Qg6 26. Nf3 Kh8 27. Bd4 h6 28. Bd3 Qh5 29. Qb2 Rg8 30. Be2 Qf7 31. Bf1 Qh5 32. c4 dxc4 33. Bxc4 Ng5 34. Ne5 Bxe5 35. Bxe5 Nf3+ 36. gxf3 Qg5+ 37. Kf1 Bxf3 38. Bxg7+ Qxg7 39. Qxg7+ Kxg7 40. Bxg8 Rxg8 41. Rd3 Bc6 42. Rc3 Bd5 43. Re7+ Kf6 44. Rxa7 Ke5 45. f3 Kd4 46. Rac7 b5 47. R3c5 Bc4+ 48. Kf2 Re8 49. R5c6 Re2+ 50. Kg1 Re1+ 51. Kg2 Re2+ 52. Kh3 Be6+ 53. Rxe6 Rxe6 54. Kg4 Rf6 55. Re7 Kc4 56. Re4+ Kb3 57. Rxf4 Rxf4+ 58. Kxf4 Kxa3 59. Ke5 Kxb4 60. f4 Kc3 61. f5 b4 62. f6 b3 63. f7 b2 64. f8Q b1Q 65. Qc5+ Kd3 66. Qd4+ Ke2 67. Qg4+ Kf2 68. h4 Qb6 69. h5 Qa6 70. Qf5+ Ke3 71. Qe4+ Kf2 72. Qf5+ Ke3 73. Qf4+ Ke2 74. Qe4+ Kf2 75. Qg6 Qa5+ 76. Kf6 Qd2 77. Kg7 Kf3 78. Qxh6 Qd7+ 79. Kg8 Qd5+ 80. Kh7 Qf7+ 81. Kh8 Qe8+ 82. Kg7 Qd7+ 83. Kg8 Qd5+ 1/2-1/2

[Event "Capablanca Memorial Premier II 40th"]
[Site "Havana"]
[Date "2005.05.19"]
[Round "13"]
[White "Colovic, Aleksandar"]
[Black "Schilow, Wladimir"]
[Result "1/2-1/2"]
[WhiteElo "2418"]
[BlackElo "2425"]
[PlyCount "35"]
[EventDate "2005.05.06"]
[EventType "tourn"]
[EventRounds "13"]
[EventCountry "CUB"]
[EventCategory "8"]
[SourceTitle "CBM 106 Extra"]
[Source "ChessBase"]
[SourceDate "2005.07.01"]
[SourceVersion "1"]
[SourceVersionDate "2005.07.01"]
[SourceQuality "1"]

1. e4 e6 2. d4 d5 3. Nc3 Nf6 4. Bg5 dxe4 5. Nxe4 Nbd7 6. Nf3 h6 7. Bh4 c5 8. c3 Be7 9. Nxf6+ Bxf6 10. Bg3 0-0 11. Be2 cxd4 12. Nxd4 Nc5 13. Nb5 e5 14. Nd6 Bd7 15. b4 Na4 16. Qb3 Be6 17. Qxa4 Qxd6 18. 0-0 1/2-1/2

[Event "Capablanca Memorial Premier II 40th"]
[Site "Havana"]
[Date "2005.05.15"]
[Round "9"]
[White "Schilow, Wladimir"]
[Black "Prasca Sosa, Rafael Felipe"]
[Result "1/2-1/2"]
[WhiteElo "2425"]
[BlackElo "2442"]
[PlyCount "76"]
[EventDate "2005.05.06"]
[EventType "tourn"]
[EventRounds "13"]
[EventCountry "CUB"]
[EventCategory "8"]
[SourceTitle "CBM 106 Extra"]
[Source "ChessBase"]
[SourceDate "2005.07.01"]
[SourceVersion "1"]
[SourceVersionDate "2005.07.01"]
[SourceQuality "1"]

1. e4 e6 2. Nf3 d5 3. Nc3 Nf6 4. e5 Nfd7 5. d4 c5 6. Bb5 a6 7. Bxd7+ Bxd7 8. Be3 c4 9. 0-0 Nc6 10. Ng5 h6 11. Nh3 g6 12. Ne2 b5 13. c3 b4 14. b3 Na5 15. Nhf4 bxc3 16. Nxc3 Bg7 17. Bc1 0-0 18. Ba3 Re8 19. Bb4 Rb8 20. Bd6 Rc8 21. Nfe2 Nb7 22. Ba3 Qa5 23. Bb2 Bb5 24. Re1 Re7 25. Nb1 cxb3 26. axb3 Qb6 27. Nbc3 Rec7 28. Rc1 Na5 29. Nxb5 Qxb5 30. Rxc7 Rxc7 31. Nc1 h5 32. g3 Bf8 33. Re2 Rb7 34. Re3 Bb4 35. Kg2 Rc7 36. Re2 Bf8 37. Rc2 Rc6 38. Rxc6 Nxc6 1/2-1/2

[Event "Capablanca Memorial Premier II 40th"]
[Site "Havana"]
[Date "2005.05.10"]
[Round "5"]
[White "Schilow, Wladimir"]
[Black "Borges Matos, Juan R"]
[Result "0-1"]
[WhiteElo "2425"]
[BlackElo "2484"]
[PlyCount "66"]
[EventDate "2005.05.06"]
[EventType "tourn"]
[EventRounds "13"]
[EventCountry "CUB"]
[EventCategory "8"]
[SourceTitle "CBM 106 Extra"]
[Source "ChessBase"]
[SourceDate "2005.07.01"]
[SourceVersion "1"]
[SourceVersionDate "2005.07.01"]
[SourceQuality "1"]

1. e4 c5 2. Nf3 e6 3. d4 cxd4 4. Nxd4 Nc6 5. Nc3 Qc7 6. g3 a6 7. Bg2 d6 8. 0-0 Bd7 9. Re1 Be7 10. Nxc6 Bxc6 11. Qg4 h5 12. Qe2 h4 13. Bf4 hxg3 14. hxg3 Nf6 15. a4 Rd8 16. a5 Nd7 17. Nd5 Bxd5 18. exd5 e5 19. Bd2 f5 20. g4 Nf6 21. gxf5 Qxc2 22. f4 0-0 23. Bc3 Qxf5 24. fxe5 dxe5 25. Qxe5 Bc5+ 26. Kh1 Qh7+ 27. Qh2 Nh5 28. Qh3 Rf5 29. Re5 Rdf8 30. Rae1 Bd6 31. Rxf5 Rxf5 32. Bd4 Qh6 33. Qxf5 Ng3+ 0-1

[Event "BL2-Nord 0405"]
[Site "Germany"]
[Date "2005.01.16"]
[Round "5.1"]
[White "Schilow, Wladimir"]
[Black "Van Delft, Merijn"]
[Result "1/2-1/2"]
[WhiteElo "2428"]
[BlackElo "2389"]
[PlyCount "83"]
[EventDate "2004.10.24"]
[EventType "team-tourn"]
[EventRounds "9"]
[EventCountry "GER"]
[SourceTitle "EXT 2007"]
[Source "ChessBase"]
[SourceDate "2006.11.23"]
[SourceVersion "1"]
[SourceVersionDate "2006.11.23"]
[SourceQuality "1"]
[WhiteTeam "Kreuzberg II"]
[BlackTeam "Hamburger SK II"]
[WhiteTeamCountry "GER"]
[BlackTeamCountry "GER"]

1. e4 c5 2. Nf3 d6 3. Nc3 Nc6 4. Bb5 e5 5. Bxc6+ bxc6 6. 0-0 g6 7. d3 Bg7 8. a3 a5 9. Ne1 Ne7 10. f4 exf4 11. Bxf4 0-0 12. Nf3 h6 13. Qd2 g5 14. Be3 f5 15. h3 f4 16. Bf2 Ng6 17. d4 c4 18. Nh2 Rb8 19. Rab1 Be6 20. Kh1 Qd7 21. Ne2 d5 22. exd5 cxd5 23. Qxa5 h5 24. Qd2 g4 25. Bg1 gxh3 26. Nxf4 Nxf4 27. Rxf4 hxg2+ 28. Kxg2 Bf5 29. Be3 Qe6 30. Kg1 Bxc2 31. Rxf8+ Rxf8 32. Rf1 Rxf1+ 33. Nxf1 Bd3 34. Qf2 h4 35. Nd2 h3 36. Nf3 Qg4+ 37. Kh2 Bf8 38. Ne5 Bd6 39. Qf7+ Kh8 40. Qf6+ Kg8 41. Qf7+ Kh8 42. Qf6+ 1/2-1/2

[Event "Andratx 1st"]
[Site "Andratx"]
[Date "2004.10.10"]
[Round "9"]
[White "Schenk Papke, Andres"]
[Black "Schilow, Wladimir"]
[Result "1-0"]
[WhiteElo "2102"]
[BlackElo "2432"]
[PlyCount "75"]
[EventDate "2004.10.04"]
[EventType "tourn"]
[EventRounds "9"]
[EventCountry "ESP"]
[EventCategory "3"]
[SourceTitle "CBM 102 Extra"]
[Source "ChessBase"]
[SourceDate "2004.11.03"]
[SourceVersion "1"]
[SourceVersionDate "2004.11.03"]
[SourceQuality "1"]

1. Nf3 Nf6 2. c4 g6 3. b3 Bg7 4. Bb2 c6 5. g3 d6 6. d4 0-0 7. Bg2 a5 8. 0-0 Na6 9. Nbd2 Bd7 10. Rc1 b5 11. cxb5 cxb5 12. Ng5 Ra7 13. h4 Qb8 14. Nde4 Nh5 15. e3 b4 16. Re1 Nc7 17. g4 Nf6 18. Nxf6+ Bxf6 19. e4 h6 20. e5 Bg7 21. Ne4 dxe5 22. dxe5 Ne6 23. Nc5 Rd8 24. Qf3 Nxc5 25. Rxc5 Be6 26. Bc1 a4 27. Bf4 axb3 28. axb3 Ra3 29. Re3 Rc8 30. Rxc8+ Qxc8 31. g5 h5 32. Qd1 Qc5 33. Kh2 Ra2 34. Bg3 Rc2 35. Qd8+ Kh7 36. Rd3 Bxe5 37. Qf8 Qxf2 38. Qh6+ 1-0

[Event "Andratx 1st"]
[Site "Andratx"]
[Date "2004.10.04"]
[Round "1"]
[White "Schilow, Wladimir"]
[Black "Tripolsky, Eugene"]
[Result "1-0"]
[WhiteElo "2432"]
[BlackElo "2434"]
[PlyCount "35"]
[EventDate "2004.10.04"]
[EventType "tourn"]
[EventRounds "9"]
[EventCountry "ESP"]
[EventCategory "3"]
[SourceTitle "CBM 102 Extra"]
[Source "ChessBase"]
[SourceDate "2004.11.03"]
[SourceVersion "1"]
[SourceVersionDate "2004.11.03"]
[SourceQuality "1"]

1. e4 d6 2. d4 Nf6 3. Nc3 g6 4. Bg5 c6 5. Qd2 Qa5 6. Nf3 Bg4 7. e5 Nd5 8. exd6 Bxf3 9. dxe7 Bg7 10. gxf3 Nxc3 11. bxc3 c5 12. Rb1 cxd4 13. Rxb7 Qd5 14. Bb5+ Nc6 15. 0-0 Rc8 16. Qf4 h6 17. Bf6 g5 18. Qg4 1-0

[Event "Berlin Lichtenberger Sommer 3th"]
[Site "Berlin"]
[Date "2004.08.16"]
[Round "3.16"]
[White "Bornschein, Burkhard"]
[Black "Schilow, Wladimir"]
[Result "0-1"]
[WhiteElo "2046"]
[BlackElo "2384"]
[PlyCount "100"]
[EventDate "2004.08.14"]
[EventType "swiss"]
[EventRounds "9"]
[EventCountry "GER"]
[SourceTitle "EXT 2022"]
[Source "ChessBase"]
[SourceDate "2021.10.06"]
[SourceVersion "1"]
[SourceVersionDate "2021.10.06"]
[SourceQuality "1"]

1. d4 d6 2. c4 e5 3. d5 f5 4. Nc3 Nf6 5. e4 fxe4 6. f3 exf3 7. Nxf3 Be7 8. Bd3 Na6 9. b4 0-0 10. a3 c6 11. dxc6 bxc6 12. Qe2 Nc7 13. 0-0 Ne6 14. Bd2 Bd7 15. Rae1 Kh8 16. Bc2 Qe8 17. Qd3 g6 18. Bh6 Ng7 19. Nh4 Rd8 20. Qg3 Ngh5 21. Qd3 Ng7 22. h3 Ng8 23. Bxg7+ Kxg7 24. Qg3 Bxh4 25. Qxh4 Qe7 26. Qg3 Nh6 27. Be4 Nf5 28. Qd3 Nd4 29. Ne2 Rxf1+ 30. Rxf1 Nxe2+ 31. Qxe2 Be8 32. Qf3 Bf7 33. Bxc6 Bxc4 34. Rd1 d5 35. b5 Qe6 36. Re1 d4 37. Be4 Bxb5 38. Bd3 Bxd3 39. Qxd3 Qd5 40. Qa6 Rd7 41. Rf1 Qd6 42. Qd3 Rf7 43. Rb1 Qf6 44. Rb4 Qf2+ 45. Kh2 Qf1 46. Qb3 Qf4+ 47. Kh1 h5 48. Qd5 Rc7 49. Rb7 Rxb7 50. Qxb7+ Qf7 0-1